LEADER 00900cam0 22002411 450 001 SOBE00051420 005 20160302134941.0 100 $a20160302d1944 |||||ita|0103 ba 101 $aita 102 $aIT 200 1 $a<>Partito liberale$eil suo ufficio e le sue relazioni con gli altri partiti$ediscorso al primo Congresso del Partito liberale italiano in Napoli il 4 giugno 1944$fBenedetto Croce 210 $aBari$cG. Laterza & figli$d1944 215 $a27 p.$d20 cm 700 1$aCroce$b, Benedetto <1866-1952>$3AF00003357$4070$09641 801 0$aIT$bUNISOB$c20160302$gRICA 850 $aUNISOB 852 $aUNISOB$j100|Opusc$m2759 912 $aSOBE00051420 940 $aM 102 Monografia moderna SBN 941 $aM 957 $a100|Opusc$b000368$gSI$d2759$rdono$tN$1menle$2UNISOB$3UNISOB$420160302134859.0$520160302134941.0$6menle 996 $aPartito liberale$91724423 997 $aUNISOB